Problémy zamestnávania pracovníkov v malých a stredných podnikoch v SR

Zistenie a charakteristika hlavných problémov, s ktorými sa stretávajú malé a stredné podniky (MSP) na Slovensku v procese vyhľadávania a zamestnania pracovníkov. Špecifiká a odlišnosti v požiadavkách na pracovníkov a ich zamestnávaní v MSP v porovnaní s veľkými zamestnávateľmi.

Salvato in:
Dettagli Bibliografici
Autore principale: Srovnalíková, Paulína
Altri autori: Šúbertová, Elena
Natura: Capitolo di libro
Lingua:slovacco
Soggetti:
Tags: Aggiungi Tag
Nessun Tag, puoi essere il primo ad aggiungerne!!

MARC

LEADER 00000nla a2200000 4500
001 0225333
005 20240527074807.2
041 0 |a slo 
044 |a CZ 
245 1 0 |a Problémy zamestnávania pracovníkov v malých a stredných podnikoch v SR  |c Paulína Srovnalíková, Elena Šúbertová 
520 |a Zistenie a charakteristika hlavných problémov, s ktorými sa stretávajú malé a stredné podniky (MSP) na Slovensku v procese vyhľadávania a zamestnania pracovníkov. Špecifiká a odlišnosti v požiadavkách na pracovníkov a ich zamestnávaní v MSP v porovnaní s veľkými zamestnávateľmi. 
610 2 0 |a podnik malý 
610 2 0 |a podnik stredný 
610 2 0 |a kategórie pracovníkov 
610 2 0 |a kvalifikácia 
610 2 0 |a sily pracovné 
610 2 0 |a štruktúra síl pracovných 
610 2 0 |a zamestnanosť 
610 2 0 |a trh práce 
100 1 |a Srovnalíková, Paulína 
700 1 |a Šúbertová, Elena